• 首页
  • 本馆介绍
  • 公告通知
  • 最新文献
  • 馆藏检索
  • 电子资源
  • 读者导购
  • 参考咨询
  • 我的图书馆
  • 登录
  • 详细信息显示
  • 放入我的书架
  • 预约/预借图书
  • 作者相关作品
  • 分类相关作品
  • 丛书相关作品
  • 出版社相关作品

书目信息

  • 表格格式
  • 工作单格式
  • 卡片格式
题名:
超深高酸性气田钻井工程技术与实践
    
 
作者: 曹耀峰 编著
分册:  
出版信息: 北京   中国石化出版社  2011
页数: 496页
开本: 27cm
丛书名:
单 册:
中图分类: TE242
科图分类:
主题词: 气田开发--钻井工程
电子资源:
ISBN: 978-7-5114-0817-4
000 01031nam0 2200241 450
001 012015000173
005 20150914103415.49
010    @a978-7-5114-0817-4@b精装@dCNY180.00
100    @a20110712d2011 em y0chiy50 ea
101 0  @achi
102    @aCN@b110000
105    @ay z 000yy
106    @ar
200 1  @a超深高酸性气田钻井工程技术与实践@Achao shen gao suan xing qi tian zuan jing gong cheng ji shu yu shi jian@f曹耀峰编著
210    @a北京@c中国石化出版社@d2011
215    @a496页@c地图@d27cm
300    @a“十二五”国家重点图书出版规划项目
330    @a本书简述了川东北地区复杂的地理与地质特点,分析了钻井技术难点,总结了川东北超深高酸性气田钻井工程配套技术及应用情况,包括钻前工程、井深结构设计、井控技术、岩石力学特性与钻头优选、气体钻井、防斜打快、复合钻井、定向井、水平井钻井、钻井液及固井等工程技术,并介绍了配套技术在普光气田的综合应用情况。
606 0  @a气田开发@x钻井工程
690    @aTE242@v5
701  0 @a曹耀峰@Acao yao feng@4编著
801  0 @aCN@b碧洲教育@c20150716
905    @a10447@f4@dTE242@e30
    
    超深高酸性气田钻井工程技术与实践/曹耀峰编著.-北京:中国石化出版社,2011
    496页:地图;27cm
    “十二五”国家重点图书出版规划项目
    
    ISBN 978-7-5114-0817-4(精装):CNY180.00
    本书简述了川东北地区复杂的地理与地质特点,分析了钻井技术难点,总结了川东北超深高酸性气田钻井工程配套技术及应用情况,包括钻前工程、井深结构设计、井控技术、岩石力学特性与钻头优选、气体钻井、防斜打快、复合钻井、定向井、水平井钻井、钻井液及固井等工程技术,并介绍了配套技术在普光气田的综合应用情况。
●
相关链接 在E读中查询图书 在五车中查询图书 在当当中查询图书 在豆瓣中查询图书


正题名:超深高酸性气田钻井工程技术与实践     索取号:TE242/30         预约/预借

序号 登录号 条形码 馆藏地/架位号 状态 备注
1 0849959   208499597   第二样本阅览室/ [索取号:TE242/30] 在馆    
2 0849960   208499604   第三借阅区/ [索取号:TE242/30] 在馆    
3 0849961   208499613   化学系资料室/ [索取号:TE242/30] 在馆    
4 0849962   208499622   第三借阅区/ [索取号:TE242/30] 在馆    
唐山师范学院图书馆 欢迎您!
大连网信软件有限公司© 版权所有